Yoga (VAC4)/ (Record no. 12103)

MARC details
000 -LEADER
fixed length control field 00480nam a22001937a 4500
005 - DATE AND TIME OF LATEST TRANSACTION
control field 20260515115056.0
008 - FIXED-LENGTH DATA ELEMENTS--GENERAL INFORMATION
fixed length control field 250304b |||||||| |||| 00| 0 eng d
020 ## - INTERNATIONAL STANDARD BOOK NUMBER
International Standard Book Number 9789358493344
040 ## - CATALOGING SOURCE
Original cataloging agency IN-DiNC
Transcribing agency IN-DiNC
041 ## - LANGUAGE CODE
Language code of sung or spoken text asm
082 ## - DEWEY DECIMAL CLASSIFICATION NUMBER
Classification number 181.45
Item number BOR
100 ## - MAIN ENTRY--PERSONAL NAME
Personal name Borah, Rashmi Sikha
Relator term author
245 ## - TITLE STATEMENT
Title Yoga (VAC4)/
Statement of responsibility, etc. by Rashmi Rekha Borah
250 ## - EDITION STATEMENT
Edition statement 1st ed.
260 ## - PUBLICATION, DISTRIBUTION, ETC.
Place of publication, distribution, etc. Dibrugarh:
Name of publisher, distributor, etc. Banalata,
Date of publication, distribution, etc. 2025.
300 ## - PHYSICAL DESCRIPTION
Extent 104p.
650 ## - SUBJECT ADDED ENTRY--TOPICAL TERM
Topical term or geographic name entry element Yoga
942 ## - ADDED ENTRY ELEMENTS (KOHA)
Source of classification or shelving scheme Dewey Decimal Classification
Koha item type Books
Holdings
Withdrawn status Lost status Source of classification or shelving scheme Damaged status Not for loan Collection Home library Current library Shelving location Date acquired Cost, normal purchase price Total checkouts Full call number Barcode Date last seen Date last checked out Copy number Price effective from Koha item type
    Dewey Decimal Classification       Naharkatiya College Library Naharkatiya College Library General stacks 03/04/2025 90.00 6 181.45 BOR 30506 04/02/2026 04/02/2026 1 03/04/2025 Books
    Dewey Decimal Classification       Naharkatiya College Library Naharkatiya College Library General stacks 03/04/2025 90.00 3 181.45 BOR 30507 06/24/2025 06/16/2025 2 03/04/2025 Books
    Dewey Decimal Classification       Naharkatiya College Library Naharkatiya College Library General stacks 03/04/2025 90.00 5 181.45 BOR 30508 04/29/2026 03/16/2026 3 03/04/2025 Books